| 000 | 00769nam a22002177a 4500 | ||
|---|---|---|---|
| 003 | OSt | ||
| 005 | 20150408114113.0 | ||
| 008 | 130130s 2012jo ||||g |||| 00| 0 ara d | ||
| 040 | _aMa-un | ||
| 082 |
_221 _a658.8 _bص م م |
||
| 100 |
_aالصميدعي، محمود جاسم _920223 |
||
| 245 |
_aمداخل التسويق المتقدم / _cمحمود جاسم محمد الصميدعي. |
||
| 250 | _aط. 1. | ||
| 260 |
_aعمان، الأردن : _bدار زهران للنشر والتوزيع، _c2012 |
||
| 300 |
_a432 ص : _bايض. ؛ _c24 سم. |
||
| 500 | _aيشتمل علي ملاحق | ||
| 504 | _aببليوجرافية : 397- 402 | ||
| 650 |
_99898 _aإدارة التسويق |
||
| 650 |
_99901 _aالتسويق _xبحوث |
||
| 942 |
_2ddc _cBOOK |
||
| 999 |
_c27288 _d261788 |
||